000 00299 a2200109 4500
001 ART_30603
005 20260410161928.0
008 260409a
245 1 0 _aDebido proceso
100 1 _aRosenblat, Katia
773 0 _tDerechos humanos
_g- Año III, Nº 6/B (mayo 2015)
_wREV22278
999 _c28327
_d28327